Két e-könyv áruház összehasonlítása szemkamerás kutatással

Bibliográfiai részletek
Szerző: Őrsi Virág
További közreműködők: Totth Dr. Gedeon
Dokumentumtípus: Diplomadolgozat
Kulcsszavak:Szemkamerás kutatás
Web usability
Honlap teszt
E-könyv áruház
Összehasonlító elemzés
Online Access:http://dolgozattar.uni-bge.hu/431

MARC

LEADER 00000nta a2200000 i 4500
001 dolg431
005 20221011105729.0
008 150305suuuu hu om 000 hun d
040 |a BGE Dolgozattár Repozitórium  |b hun 
041 |a hu 
100 1 |a Őrsi Virág 
245 1 0 |a Két e-könyv áruház összehasonlítása szemkamerás kutatással  |c Őrsi Virág  |h [elektronikus dokumentum] 
695 |a Szemkamerás kutatás 
695 |a Web usability 
695 |a Honlap teszt 
695 |a E-könyv áruház 
695 |a Összehasonlító elemzés 
700 1 |a Totth Dr. Gedeon  |e ths 
856 4 0 |u http://dolgozattar.uni-bge.hu/431/1/Szakdolgozat_%C5%90rsi_Vir%C3%A1g.pdf  |z Dokumentum-elérés